000 00861nam a2200229 a 4500
001 47025
003 BD-RjUL
005 20211209054240.0
008 160806s2012 bg ||||| |||| 00| 0 Ben d
020 _a9847018200913
035 _a(BD-RjUL)
040 _aBD-RjUL
_bben
_cBD-RjUL
041 _aben
082 _a398.0954
_223
_bJOB 2012
100 _aজলিল, মুহম্মদ আবদুল
_9143221
245 _aলালন-রবীন্দ্রনাথ বাংলার লো্কসংস্কৃতি /
_cমুহম্মদ আবদুল জলিল
260 _aঢাকা :
_bবাংলাবাজার,
_c২০১২
300 _a১২২ পৃ. ;
_c২১ সেমি.
650 _aFolklore.
_vKnowledge
_9143073
650 _aলোকসংস্কৃতি
_vজ্ঞান
_9143074
942 _2ddc
_cBK
_01
999 _c47025
_d47025